| 000 | 00635nam a22002057a 4500 | ||
|---|---|---|---|
| 999 |
_c157582 _d157582 |
||
| 005 | 20180920122025.0 | ||
| 010 | _aENG-124003 | ||
| 020 |
_a9789353062408 _c899.00 |
||
| 035 | _aEN-107535 | ||
| 037 | _bDBAD/PUB | ||
| 082 | _a621.815 | ||
| 100 | _aNorton, Robert L. | ||
| 245 |
_aMachine Design: _cby Robert L. Norton _ban integrated approach / |
||
| 250 | _a5th ed. | ||
| 260 |
_aNoida _bPearson _c2018 |
||
| 270 |
_a15th Floor, Tower B, Worls Trade Tower, Plot No.1, Block -C _bNoida (UP) _e201301 |
||
| 300 |
_axxvii,1059p. _c25cm.(pbk) _bill. |
||
| 500 | _aIt include index | ||
| 942 |
_2ddc _cEN _h621.815 _mNOR |
||